Liedtext - Remmi Demmi - Deichkind - Statistiken

Allgemein
  • Dieses Quiz wurde 404 mal gespielt
  • Das Durchschnittsergebnis liegt bei 181 aus 239
Antwortstatistiken
Textquiz % Korrekt
dem
98%
Remmi
98%
Demmi
96%
Demmi!
96%
und
93%
Und
93%
Du
90%
Ein
90%
ein
90%
auf
89%
Auf
89%
eine
88%
Krawall
88%
sind
87%
wie
87%
Deine
86%
die
84%
Die
84%
dir
84%
einem
84%
Eltern
84%
Party
84%
von
84%
wir
84%
Wir
84%
Yeah
84%
sie
83%
Mach
82%
Ich
81%
ich
81%
nett
81%
zu
81%
aus
80%
der
80%
machst
79%
Yippie
79%
in
78%
Tennisturnier
78%
Im
77%
zum
74%
sieht
73%
Schmeiß
72%
brauchen
71%
dancen
71%
Fenster
71%
Katja
71%
keine
71%
nicht
71%
den
70%
Platz
70%
will
70%
Foto
69%
Küche
69%
Menschen
69%
so
69%
Grenzen
68%
kennen
68%
Möbel
67%
ihr
66%
Mutter
65%
hier
64%
ist
63%
es
62%
Impulsive
62%
Pizza
62%
bisschen
60%
kann
60%
rein
60%
Dreck
59%
mit
59%
sein
59%
Ebstein
58%
fressen
58%
Glitzer
57%
hat
57%
man
57%
tanzen
56%
Tischen
56%
was
56%
beschissen
55%
Gold
55%
Habt
55%
dann
54%
Pool
54%
Silber
54%
Stimmung
54%
dei'm
53%
gesagt
53%
nackt
53%
Nehm
52%
sich
52%
Vater
52%
lauter
51%
Tragt
51%
soviel
50%
dreh
49%
erfrischen
49%
nix
49%
Sauna
49%
Boxen
46%
geben
46%
bei
45%
wollen
45%
mal
44%
schön'res
44%
Aufguss
39%
reichen
39%
erleben
38%
Ey
36%
ey
36%
Hausbar
35%
nen
35%
rum
35%
nur
34%
Privat
34%
spieß
22%
Keine übereinstimmenden Quizze gefunden
Verteilung der Resultate
Anzahl Personen mit jedem Resultat
Perzentil nach korrekt beantworteten Fragen
Ihre Resultats-Entwicklung
Sie haben dieses Quiz noch nicht gespielt